00000000nam##2200000za#4500
0019.644368
003CaOODSP
00520250506145324
007cr |||||||||||
008150407|1974||||xxc|||||o    f|0| 0 fre|d
040 |aCaOODSP|bfre
043 |an-cn---
0861 |aA53-1276/1974F-PDF
1101 |aCanada.|bAgriculture Canada.
24510|aSoins des bulbes |h[ressource électronique]
250 |aRév.
260 |aOttawa - Ontario : |bAgriculture Canada |c1974.
300 |a12p.|btableaux
500 |aPublication historique numérisée par Agriculture et Agroalimentaire Canada.
590 |a15-05-Supp|b2015-03-31
69107|aFlore|2gcpds
77508|tStoring bulbs |w(CaOODSP)9.700487
85640|ahttp://publications.gc.ca|qPDF|s483 Ko|uhttps://publications.gc.ca/collections/collection_2015/aac-aafc/A53-1276-1974-fra.pdf
986 |aPublication 1276